| 000 | nam a22 a 4500 | ||
|---|---|---|---|
| 999 |
_c406865 _d406865 |
||
| 003 | BLK | ||
| 005 | 20210411133817.0 | ||
| 008 | 210408b bu |||||r|||| 00| | bu d | ||
| 040 | _aBLK | ||
| 041 |
_aBUL _cBUL |
||
| 080 |
_aМеждународни съглашения. Международни договори и авторско право. Видове и форми, сключване и ратификация, изпълнение на договори и др. _b341.24 _z341.24 |
||
| 139 | _aДоговор за мир с България | ||
| 245 | _aДоговор за мир с България | ||
| 246 | _aМирный договор с Болгарией | ||
| 246 | _aTreaty of peace mith Bulgaria | ||
| 246 | _aTreaite de peaix avec la Bulgarie | ||
| 260 |
_9210967 _aСофия _bМВР _c1947 |
||
| 300 |
_a128 с. _c24 см |
||
| 380 | _a3 | ||
| 500 | _aЗагл. и на рус. и англ. ез 2 000 тир. | ||
| 650 | 7 |
_9161768 _aМеждународни договори и съглашения - България с другите страни |
|
| 653 | 7 |
_9191116 _aмирни договори |
|
| 653 | 7 |
_9191110 _aмир |
|
| 852 |
_aЦб 3.245.22595 _bЦб |
||
| 942 |
_cKNG _n0 _s1 |
||
| 944 |
_aCR _c2021-04-08 _kА.М. |
||
| 999 | _d406865 | ||